Fuenteovejuna ; Peribáñez y el comendador de Ocaña ; El caballero de Olmedo / (Record no. 184557)

MARC details
000 -LEADER
campo de control de longitud fija 00685nam a2200181 i 4500
001 - NÚMERO DE CONTROL
campo de control 184557
003 - IDENTIFICADOR DE NÚMERO DE CONTROL
campo de control ES-MaACL
005 - FECHA Y HORA DE LA ÚLTIMA TRANSACCIÓN
campo de control 20240529062954.0
008 - DATOS DE LONGITUD FIJA--INFORMACIÓN GENERAL
campo de control de longitud fija 151022s1963 uy |||| | spa d
100 1# - ENTRADA PRINCIPAL--NOMBRE DE PERSONA
Nombre de persona Vega, Lope de,
Fechas asociadas al nombre 1562-1635
9 (RLIN) 113563
245 10 - MENCIÓN DEL TÍTULO
Título Fuenteovejuna ; Peribáñez y el comendador de Ocaña ; El caballero de Olmedo /
Mención de responsabilidad, etc. Lope de Vega.
260 ## - PUBLICACIÓN, DISTRIBUCIÓN, ETC.
Lugar de publicación, distribución, etc. Montevideo :
Nombre del editor, distribuidor, etc. Ministerio de Instrucción Pública y Previsión Social,
Fecha de publicación, distribución, etc. 1963.
300 ## - DESCRIPCIÓN FÍSICA
Extensión 230 p ;
Dimensiones 20 cm.
490 1# - MENCIÓN DE SERIE
Mención de serie Colección de Autores de la Literatura Universal ;
Designación de volumen o secuencia 1
830 0# - PUNTO DE ACCESO ADICIONAL DE SERIE-TÍTULO UNIFORME
Título uniforme Colección de Autores de la Literatura Universal ;
Designación de volumen o secuencia 1
9 (RLIN) 225091
852 ## - LOCALIZACIÓN
Ubicación ES-MaACL
Número de control de estantería E-9997
Holdings
Estatus retirado Estado de pérdida Estado de daño No para préstamo Biblioteca de origen Biblioteca actual Ubicación en estantería Fecha de adquisición Fuente de adquisición Total de préstamos Signatura topográfica completa Código de barras Visto por última vez Precio de reemplazo Tipo de ítem Koha
        Biblioteca del Ateneo de Madrid Biblioteca del Ateneo de Madrid Depósito 2 22/10/2015     E-9997 1194305 23/02/2023 23/02/2023 Libro impreso